| 000 | 00471 a2200157 4500 | ||
|---|---|---|---|
| 999 |
_c6425 _d6425 |
||
| 020 | _a9780435462642 | ||
| 050 | _aZ 286 WYA 2002 | ||
| 100 | _aWyatt, R. | ||
| 110 | _aCity and Guilds | ||
| 245 |
_aDesktop Publishing, level 1 : _bCertificate for IT users for City & Guilds/ _cRosemarie Wyatt |
||
| 264 |
_aOxford : _b Heinemann Educational, _c2002. |
||
| 300 |
_aiv, 92 pages : _b ill |
||
| 500 | _amodule | ||
| 650 | _aDesktop publishing | ||
| 942 |
_2lcc _cBK _h286 _iWYA _kZ |
||